Luciferovo evangelium /

Hlavní autor: Christopher, Paul, 1949-
Jazyk: Čeština
Vydáno: Praha : BB/art, 2011
Vydání: 1. vyd. v českém jazyce
Témata:
Fyzický popis: 246 s. ; 22 cm
Knihy
Uloženo v:
LEADER 01248nam a2200373 a 4500
001 nkc20112179481
003 CZ PrNK
005 20110901132956.0
007 ta
008 110330s2011 xr g 000 f cze
015 |a cnb002179481 
020 |a 978-80-7381-904-0  |q (váz.) 
035 |a (OCoLC)741402450 
040 |a BOA001  |b cze  |d ABA001 
041 1 |a cze  |h eng 
072 7 |a 821.111-3  |x Anglická próza, anglicky psaná  |2 Konspekt  |9 25 
080 |a 821.111(71)-31  |2 MRF 
080 |a (0:82-312.4)  |2 MRF 
100 1 |a Christopher, Paul,  |d 1949-  |7 xx0043254  |4 aut 
245 1 0 |a Luciferovo evangelium /  |c Paul Christopher ; přeložila Jitka Jeníková 
250 |a 1. vyd. v českém jazyce 
260 |a Praha :  |b BB/art,  |c 2011 
300 |a 246 s. ;  |c 22 cm 
500 |a Přeloženo z angličtiny 
655 7 |a kanadské romány (anglicky)  |7 fd139325  |2 czenas 
655 7 |a thrillery (romány)  |7 fd184206  |2 czenas 
655 9 |a Canadian fiction (English)  |2 eczenas 
655 9 |a thrillers (novels)  |2 eczenas 
765 0 |t Lucifer gospel  |9 Česky 
910 2 |a BOA001  |b 2-1267.174 
990 |a BK 
995 |a 01 
991 |b 201105  |e b 
996 6 |b 2610479623  |c 2-1267.174  |l MZK  |r Sklad / do 1 hodiny  |n 1  |p p.v.  |w 001182932  |u 000010  |a 1  |e BOA001  |j MZK50  |s P